[Event "Wuerttemberg candidate op"]
[Site "Oeffingen"]
[Date "2002.08.24"]
[Round "1"]
[White "Herzog, Ralf"]
[Black "Werner, Bernd Michael"]
[Result "0-1"]
[WhiteElo "2009"]
[BlackElo "2163"]
[PlyCount "56"]
[EventDate "2002.??.??"]
[EventType "swiss"]
[EventRounds "9"]
[EventCountry "GER"]
[SourceTitle "EXT 2004"]
[Source "ChessBase"]
[SourceDate "2003.11.25"]
[SourceVersion "1"]
[SourceVersionDate "2003.11.25"]
[SourceQuality "1"]

1. Nf3 Nf6 2. g3 g6 3. Bg2 Bg7 4. d3 d6 5. 0-0 0-0 6. e4 e5 7. Nc3 c6 8. Re1 Nbd7 9. b3 Ne8 10. Bb2 f5 11. exf5 gxf5 12. Qd2 Nc7 13. Rad1 Ne6 14. a4 Rf7 15. Bh3 Ndf8 16. Bc1 f4 17. Bg2 Ng6 18. Nb1 h5 19. h4 Qf8 20. Rf1 Bh6 21. Rde1 Ng7 22. d4 Nf5 23. dxe5 fxg3 24. Qd3 Bxc1 25. e6 Bxe6 26. Rxe6 Nf4 27. Qe4 gxf2+ 28. Rxf2 Nxe6 0-1

[Event "Leinfelden Schachtage op 1st"]
[Site "Leinfelden"]
[Date "2000.??.??"]
[Round "1"]
[White "Gheng, Josef"]
[Black "Herzog, Ralf"]
[Result "1-0"]
[WhiteElo "2286"]
[BlackElo "2010"]
[PlyCount "137"]
[EventDate "2000.08.??"]
[EventType "swiss"]
[EventRounds "7"]
[EventCountry "GER"]
[SourceTitle "EXT 2003"]
[Source "ChessBase"]
[SourceDate "2002.11.25"]
[SourceVersion "1"]
[SourceVersionDate "2002.11.25"]
[SourceQuality "1"]

1. e4 c6 2. d4 d5 3. Nd2 dxe4 4. Nxe4 Bf5 5. Ng3 Bg6 6. N1e2 e5 7. dxe5 Qa5+ 8. Bd2 Qxe5 9. Bc3 Qc7 10. Qd2 Nd7 11. Qe3+ Ne7 12. 0-0-0 b6 13. Nf4 0-0-0 14. Bc4 Kb7 15. h4 h5 16. Nxg6 fxg6 17. Qd2 Nc8 18. Ne4 Be7 19. Qe2 Rhe8 20. Kb1 Nd6 21. Nxd6+ Bxd6 22. Qd3 Nf8 23. Ba6+ Kb8 24. a4 Qf7 25. Qc4 Qxc4 26. Bxc4 Bc5 27. f3 Bf2 28. Rxd8+ Rxd8 29. Bxg7 Kb7 30. Bd3 Ne6 31. Bf6 Rf8 32. Be5 Nf4 33. Be4 Rf7 34. b4 Nd5 35. b5 Re7 36. Bb2 Re6 37. Rd1 Ne7 38. Rd7+ Kc8 39. Rxa7 cxb5 40. axb5 Bxh4 41. Bd4 Bg3 42. c4 Nf5 43. Bg1 Nd6 44. Ra8+ Kc7 45. Ra6 Nxc4 46. Kc2 g5 47. Ra7+ Kd8 48. Ra4 Ne5 49. Bd4 g4 50. Ra8+ Kc7 51. Ra7+ Kd8 52. fxg4 Nxg4 53. Bc6 Bc7 54. Ra8+ Ke7 55. Rh8 Rh6 56. Re8+ Kd6 57. Bg7 Re6 58. Rc8 Ne3+ 59. Kd3 Nd5 60. Bxd5 Kxd5 61. Rxc7 Rg6 62. Bd4 Rg3+ 63. Be3 Rxg2 64. Rd7+ Ke5 65. Rb7 h4 66. Rxb6 h3 67. Rh6 h2 68. b6 Rb2 69. Bd4+ 1-0